[Event "FIDE World Cup 2025"]
[Site "Goa, India"]
[Date "2025.11.01"]
[Round "1.6"]
[White "Cori Quispe, Kevin Joel"]
[Black "Idani, Pouya"]
[Result "0-1"]
[TimeControl ": 90 minutes for the first 40 moves, followed by 30 minutes for the rest of the gamewith an increment of 30 seconds per move starting from move 1"]
[WhiteFideId "3814017"]
[BlackFideId "12510130"]
[WhiteElo "2451"]
[BlackElo "2601"]

1. e4 {[%clk 01:30:53]} {[%emt 00:00:07]} c5 {[%clk 01:30:55]} {[%emt
00:00:06]} 2. Nf3 {[%clk 01:31:03]} {[%emt 00:00:19]} d6 {[%clk 01:31:20]}
{[%emt 00:00:05]} 3. d4 {[%clk 01:30:56]} {[%emt 00:00:38]} cxd4 {[%clk
01:31:45]} {[%emt 00:00:05]} 4. Nxd4 {[%clk 01:31:20]} {[%emt 00:00:05]} Nf6
{[%clk 01:32:10]} {[%emt 00:00:05]} 5. Nc3 {[%clk 01:31:27]} {[%emt 00:00:23]}
a6 {[%clk 01:32:35]} {[%emt 00:00:06]} 6. Bc4 {[%clk 01:30:45]} {[%emt
00:01:11]} e6 {[%clk 01:32:54]} {[%emt 00:00:11]} 7. Be3 {[%clk 01:30:06]}
{[%emt 00:01:09]} b5 {[%clk 01:33:04]} {[%emt 00:00:21]} 8. Bb3 {[%clk
01:30:19]} {[%emt 00:00:17]} Be7 {[%clk 01:33:28]} {[%emt 00:00:06]} 9. a3
{[%clk 01:28:38]} {[%emt 00:02:11]} O-O {[%clk 01:33:51]} {[%emt 00:00:07]} 10.
Qe2 {[%clk 01:25:46]} {[%emt 00:03:22]} Qc7 {[%clk 01:34:14]} {[%emt 00:00:07]}
11. O-O-O {[%clk 01:22:38]} {[%emt 00:03:39]} Nc6 {[%clk 01:34:39]} {[%emt
00:00:05]} 12. Kb1 {[%clk 01:15:45]} {[%emt 00:07:22]} Rb8 {[%clk 01:29:42]}
{[%emt 00:05:28]} 13. f3 {[%clk 00:47:20]} {[%emt 00:28:56]} Nd7 {[%clk
01:10:22]} {[%emt 00:19:50]} 14. h4 {[%clk 00:36:37]} {[%emt 00:11:13]} Nxd4
{[%clk 01:07:51]} {[%emt 00:03:02]} 15. Bxd4 {[%clk 00:36:22]} {[%emt
00:00:44]} b4 {[%clk 01:05:28]} {[%emt 00:02:53]} 16. axb4 {[%clk 00:35:28]}
{[%emt 00:01:25]} Rxb4 {[%clk 01:05:50]} {[%emt 00:00:08]} 17. Qe1 {[%clk
00:34:13]} {[%emt 00:01:44]} a5 {[%clk 00:53:00]} {[%emt 00:13:20]} 18. Qg3
{[%clk 00:32:35]} {[%emt 00:02:08]} Nf6 {[%clk 00:53:23]} {[%emt 00:00:07]} 19.
e5 {[%clk 00:17:24]} {[%emt 00:15:41]} Ne8 {[%clk 00:34:15]} {[%emt 00:19:38]}
20. f4 {[%clk 00:16:18]} {[%emt 00:01:36]} dxe5 {[%clk 00:29:57]} {[%emt
00:04:48]} 21. fxe5 {[%clk 00:16:27]} {[%emt 00:00:22]} Qc6 {[%clk 00:24:06]}
{[%emt 00:06:21]} 22. Rhe1 {[%clk 00:15:25]} {[%emt 00:01:32]} a4 {[%clk
00:23:29]} {[%emt 00:01:08]} 23. Ba2 {[%clk 00:15:49]} {[%emt 00:00:05]} Nc7
{[%clk 00:18:50]} {[%emt 00:05:09]} 24. h5 {[%clk 00:12:51]} {[%emt 00:03:32]}
Rd8 {[%clk 00:16:38]} {[%emt 00:02:38]} 25. h6 {[%clk 00:11:31]} {[%emt
00:01:50]} g6 {[%clk 00:16:57]} {[%emt 00:00:11]} 26. Qe3 {[%clk 00:09:04]}
{[%emt 00:02:57]} Bb7 {[%clk 00:12:46]} {[%emt 00:04:41]} 27. Rd2 {[%clk
00:07:36]} {[%emt 00:01:58]} Ba8 {[%clk 00:09:54]} {[%emt 00:03:21]} 28. Ka1
{[%clk 00:02:05]} {[%emt 00:06:01]} Rbb8 {[%clk 00:08:41]} {[%emt 00:01:43]} 29.
Red1 {[%clk 00:01:59]} {[%emt 00:00:36]} a3 {[%clk 00:06:51]} {[%emt 00:02:20]}
30. Bb3 {[%clk 00:02:10]} {[%emt 00:00:20]} axb2+ {[%clk 00:06:21]} {[%emt
00:01:00]} 31. Kxb2 {[%clk 00:02:26]} {[%emt 00:00:13]} Bb4 {[%clk 00:05:50]}
{[%emt 00:01:01]} 32. Rd3 {[%clk 00:01:33]} {[%emt 00:01:24]} Rbc8 {[%clk
00:02:06]} {[%emt 00:04:14]} 33. Bb6 {[%clk 00:00:44]} {[%emt 00:01:19]} Rxd3
{[%clk 00:02:10]} {[%emt 00:00:27]} 34. Rxd3 {[%clk 00:01:11]} {[%emt
00:00:04]} Nb5 {[%clk 00:01:15]} {[%emt 00:01:24]} 35. Nxb5 {[%clk 00:00:58]}
{[%emt 00:00:43]} Qxb5 {[%clk 00:01:40]} {[%emt 00:00:05]} 36. Rd8+ {[%clk
00:00:32]} {[%emt 00:00:55]} Rxd8 {[%clk 00:02:04]} {[%emt 00:00:06]} 37. Bxd8
{[%clk 00:01:00]} {[%emt 00:00:03]} Bxg2 {[%clk 00:01:29]} {[%emt 00:01:06]} 38.
Qd4 {[%clk 00:00:31]} {[%emt 00:00:59]} Qc5 {[%clk 00:01:07]} {[%emt 00:00:52]}
39. Qd7 {[%clk 00:00:50]} {[%emt 00:00:11]} Qxe5+ {[%clk 00:00:48]} {[%emt
00:00:49]} 40. Ka2 {[%clk 00:01:16]} {[%emt 00:00:04]} Qd6 {[%clk 00:00:51]}
{[%emt 00:00:27]} 41. Qc8 {[%clk 00:01:25]} {[%emt 00:00:21]} Qc6 {[%clk
00:23:50]} {[%emt 00:07:31]} 42. Bc7+ {[%clk 00:28:58]} {[%emt 00:02:58]} Bf8
{[%clk 00:24:06]} {[%emt 00:00:14]} 43. Kb2 {[%clk 00:28:44]} {[%emt 00:00:43]}
Be4 {[%clk 00:22:21]} {[%emt 00:02:15]} 44. Qd8 {[%clk 00:28:43]} {[%emt
00:00:31]} Qa8 {[%clk 00:18:47]} {[%emt 00:04:04]} 0-1

[Event "FIDE World Cup 2025"]
[Site "Goa, India"]
[Date "2025.11.01"]
[Round "1.7"]
[White "Iniyan, Pa"]
[Black "Berdayes Ason, Dylan Isidro"]
[Result "1-0"]
[TimeControl ": 90 minutes for the first 40 moves, followed by 30 minutes for the rest of the gamewith an increment of 30 seconds per move starting from move 1"]
[WhiteFideId "25002767"]
[BlackFideId "3516016"]
[WhiteElo "2599"]
[BlackElo "2453"]

1. d4 {[%clk 01:30:07]} {[%emt 00:00:52]} Nf6 {[%clk 01:30:27]} {[%emt
00:00:33]} 2. c4 {[%clk 01:30:29]} {[%emt 00:00:08]} e6 {[%clk 01:30:53]}
{[%emt 00:00:05]} 3. Nf3 {[%clk 01:30:51]} {[%emt 00:00:08]} d5 {[%clk
01:31:10]} {[%emt 00:00:13]} 4. g3 {[%clk 01:31:11]} {[%emt 00:00:10]} Bb4+
{[%clk 01:29:56]} {[%emt 00:01:44]} 5. Bd2 {[%clk 01:31:32]} {[%emt 00:00:09]}
Be7 {[%clk 01:30:23]} {[%emt 00:00:04]} 6. Bg2 {[%clk 01:31:47]} {[%emt
00:00:13]} O-O {[%clk 01:30:46]} {[%emt 00:00:07]} 7. O-O {[%clk 01:32:09]}
{[%emt 00:00:08]} Nbd7 {[%clk 01:31:13]} {[%emt 00:00:04]} 8. b4 {[%clk
01:32:15]} {[%emt 00:00:24]} c6 {[%clk 01:23:16]} {[%emt 00:08:27]} 9. a4
{[%clk 01:31:51]} {[%emt 00:00:54]} Ne4 {[%clk 01:15:36]} {[%emt 00:08:10]} 10.
Qb3 {[%clk 01:31:38]} {[%emt 00:00:44]} Nb6 {[%clk 01:08:37]} {[%emt 00:07:30]}
11. c5 {[%clk 01:28:56]} {[%emt 00:03:11]} Nc4 {[%clk 01:07:28]} {[%emt
00:01:40]} 12. Bf4 {[%clk 01:25:33]} {[%emt 00:03:52]} b6 {[%clk 00:55:15]}
{[%emt 00:12:44]} 13. Na3 {[%clk 01:14:56]} {[%emt 00:11:06]} Nxa3 {[%clk
00:48:56]} {[%emt 00:06:50]} 14. Ne5 {[%clk 01:11:12]} {[%emt 00:04:13]} Qe8
{[%clk 00:41:37]} {[%emt 00:07:50]} 15. Rxa3 {[%clk 01:09:36]} {[%emt
00:02:06]} bxc5 {[%clk 00:37:20]} {[%emt 00:04:47]} 16. bxc5 {[%clk 01:05:28]}
{[%emt 00:04:38]} Ba6 {[%clk 00:33:33]} {[%emt 00:04:18]} 17. Qc2 {[%clk
01:05:37]} {[%emt 00:00:19]} f6 {[%clk 00:27:31]} {[%emt 00:06:33]} 18. Nd3
{[%clk 01:04:27]} {[%emt 00:01:39]} f5 {[%clk 00:27:57]} {[%emt 00:00:06]} 19.
Rb1 {[%clk 01:02:57]} {[%emt 00:02:00]} Bf6 {[%clk 00:25:33]} {[%emt 00:02:55]}
20. Be5 {[%clk 01:02:27]} {[%emt 00:00:58]} Bxe5 {[%clk 00:20:46]} {[%emt
00:05:18]} 21. Nxe5 {[%clk 01:02:34]} {[%emt 00:00:22]} Ng5 {[%clk 00:20:37]}
{[%emt 00:00:38]} 22. Rab3 {[%clk 00:53:43]} {[%emt 00:09:21]} Nf7 {[%clk
00:19:15]} {[%emt 00:01:52]} 23. Nd3 {[%clk 00:54:02]} {[%emt 00:00:11]} Qd7
{[%clk 00:15:44]} {[%emt 00:04:02]} 24. R3b2 {[%clk 00:52:23]} {[%emt
00:02:09]} Rfc8 {[%clk 00:13:32]} {[%emt 00:02:42]} 25. Qc3 {[%clk 00:51:01]}
{[%emt 00:01:52]} Bxd3 {[%clk 00:09:34]} {[%emt 00:04:28]} 26. Qxd3 {[%clk
00:51:05]} {[%emt 00:00:25]} Nd8 {[%clk 00:09:58]} {[%emt 00:00:07]} 27. g4
{[%clk 00:43:08]} {[%emt 00:08:27]} g6 {[%clk 00:08:08]} {[%emt 00:02:20]} 28.
Qe3 {[%clk 00:38:39]} {[%emt 00:04:57]} Qc7 {[%clk 00:07:04]} {[%emt 00:01:35]}
29. h4 {[%clk 00:36:20]} {[%emt 00:02:49]} f4 {[%clk 00:04:51]} {[%emt
00:02:44]} 30. Qd2 {[%clk 00:34:57]} {[%emt 00:01:53]} Rab8 {[%clk 00:04:38]}
{[%emt 00:00:43]} 31. g5 {[%clk 00:34:53]} {[%emt 00:00:33]} Rxb2 {[%clk
00:03:44]} {[%emt 00:01:25]} 32. Qxb2 {[%clk 00:33:07]} {[%emt 00:02:15]} Kg7
{[%clk 00:02:59]} {[%emt 00:01:15]} 33. Bh3 {[%clk 00:32:11]} {[%emt 00:01:25]}
h6 {[%clk 00:03:20]} {[%emt 00:00:09]} 34. gxh6+ {[%clk 00:31:40]} {[%emt
00:01:01]} Kxh6 {[%clk 00:03:46]} {[%emt 00:00:05]} 35. Kg2 {[%clk 00:31:55]}
{[%emt 00:00:15]} Qe7 {[%clk 00:02:55]} {[%emt 00:01:21]} 36. Bg4 {[%clk
00:31:29]} {[%emt 00:00:55]} Qf6 {[%clk 00:02:05]} {[%emt 00:01:20]} 37. Qd2
{[%clk 00:31:00]} {[%emt 00:00:58]} Nf7 {[%clk 00:01:24]} {[%emt 00:01:12]} 38.
e3 {[%clk 00:21:37]} {[%emt 00:09:52]} Rc7 {[%clk 00:00:39]} {[%emt 00:01:16]}
39. exf4 {[%clk 00:20:52]} {[%emt 00:01:16]} Kg7 {[%clk 00:01:02]} {[%emt
00:00:07]} 40. Qe3 {[%clk 00:20:22]} {[%emt 00:00:59]} Qxh4 {[%clk 00:00:34]}
{[%emt 00:00:59]} 41. Qg3 {[%clk 00:15:06]} {[%emt 00:05:46]} Qxg3+ {[%clk
00:22:31]} {[%emt 00:08:33]} 42. fxg3 {[%clk 00:45:26]} {[%emt 00:00:09]} Kf6
{[%clk 00:22:17]} {[%emt 00:00:45]} 43. a5 {[%clk 00:45:01]} {[%emt 00:00:54]}
Nh6 {[%clk 00:20:14]} {[%emt 00:02:33]} 44. Kf3 {[%clk 00:44:57]} {[%emt
00:00:33]} Nf5 {[%clk 00:16:01]} {[%emt 00:04:44]} 45. Bxf5 {[%clk 00:45:19]}
{[%emt 00:00:07]} exf5 {[%clk 00:10:01]} {[%emt 00:06:30]} 46. Rb8 {[%clk
00:43:27]} {[%emt 00:02:22]} Ke6 {[%clk 00:05:37]} {[%emt 00:04:54]} 47. a6
{[%clk 00:43:32]} {[%emt 00:00:25]} Kf6 {[%clk 00:04:34]} {[%emt 00:01:33]} 48.
Rd8 {[%clk 00:43:05]} {[%emt 00:00:56]} Kg7 {[%clk 00:02:49]} {[%emt 00:02:17]}
49. g4 {[%clk 00:41:02]} {[%emt 00:02:32]} Re7 {[%clk 00:00:45]} {[%emt
00:02:34]} 50. Rd6 {[%clk 00:40:20]} {[%emt 00:01:11]} Re4 {[%clk 00:00:39]}
{[%emt 00:00:37]} 51. Rd7+ {[%clk 00:40:05]} {[%emt 00:00:45]} Kf6 {[%clk
00:00:57]} {[%emt 00:00:12]} 52. g5+ {[%clk 00:40:30]} {[%emt 00:00:05]} Ke6
{[%clk 00:01:26]} {[%emt 00:00:01]} 53. Rd6+ {[%clk 00:40:48]} {[%emt
00:00:11]} Kf7 {[%clk 00:01:29]} {[%emt 00:00:28]} 54. Rf6+ {[%clk 00:41:10]}
{[%emt 00:00:08]} Ke7 {[%clk 00:01:10]} {[%emt 00:00:49]} 55. Rxg6 {[%clk
00:41:12]} {[%emt 00:00:28]} Rxd4 {[%clk 00:01:39]} {[%emt 00:00:02]} 56. Rxc6
{[%clk 00:41:30]} {[%emt 00:00:11]} Rd3+ {[%clk 00:01:20]} {[%emt 00:00:49]} 57.
Ke2 {[%clk 00:41:53]} {[%emt 00:00:07]} Rc3 {[%clk 00:01:17]} {[%emt 00:00:33]}
58. g6 {[%clk 00:42:06]} {[%emt 00:00:16]} d4 {[%clk 00:00:41]} {[%emt
00:01:07]} 59. g7 {[%clk 00:41:20]} {[%emt 00:01:16]} Kf7 {[%clk 00:01:08]}
{[%emt 00:00:03]} 60. Rc7+ {[%clk 00:41:42]} {[%emt 00:00:08]} Kg8 {[%clk
00:01:37]} {[%emt 00:00:01]} 61. Rxa7 {[%clk 00:41:52]} {[%emt 00:00:20]} 1-0

[Event "FIDE World Cup 2025"]
[Site "Goa, India"]
[Date "2025.11.01"]
[Round "1.8"]
[White "Pantsulaia, Levan"]
[Black "Zemlyanskii, Ivan"]
[Result "1/2-1/2"]
[TimeControl ": 90 minutes for the first 40 moves, followed by 30 minutes for the rest of the gamewith an increment of 30 seconds per move starting from move 1"]
[WhiteFideId "13602071"]
[BlackFideId "24249971"]
[WhiteElo "2457"]
[BlackElo "2586"]

1. Nf3 {[%clk 01:30:53]} {[%emt 00:00:06]} Nf6 {[%clk 01:30:55]} {[%emt
00:00:06]} 2. c4 {[%clk 01:30:15]} {[%emt 00:01:08]} c5 {[%clk 01:31:19]}
{[%emt 00:00:06]} 3. g3 {[%clk 01:30:18]} {[%emt 00:00:26]} b6 {[%clk
01:31:44]} {[%emt 00:00:06]} 4. Bg2 {[%clk 01:30:42]} {[%emt 00:00:06]} Bb7
{[%clk 01:32:10]} {[%emt 00:00:05]} 5. Nc3 {[%clk 01:29:46]} {[%emt 00:01:25]}
g6 {[%clk 01:32:23]} {[%emt 00:00:17]} 6. O-O {[%clk 01:27:47]} {[%emt
00:02:29]} Bg7 {[%clk 01:32:49]} {[%emt 00:00:05]} 7. d4 {[%clk 01:22:58]}
{[%emt 00:05:19]} cxd4 {[%clk 01:33:13]} {[%emt 00:00:06]} 8. Nxd4 {[%clk
01:23:24]} {[%emt 00:00:03]} Bxg2 {[%clk 01:33:36]} {[%emt 00:00:07]} 9. Kxg2
{[%clk 01:23:52]} {[%emt 00:00:02]} Qc8 {[%clk 01:33:55]} {[%emt 00:00:12]} 10.
b3 {[%clk 01:07:24]} {[%emt 00:16:58]} Qb7+ {[%clk 01:33:41]} {[%emt 00:00:43]}
11. f3 {[%clk 01:06:52]} {[%emt 00:01:01]} Nc6 {[%clk 01:34:00]} {[%emt
00:00:11]} 12. Bb2 {[%clk 01:05:06]} {[%emt 00:02:17]} O-O {[%clk 01:34:16]}
{[%emt 00:00:14]} 13. e4 {[%clk 01:00:52]} {[%emt 00:04:44]} Rfd8 {[%clk
01:34:32]} {[%emt 00:00:15]} 14. Nxc6 {[%clk 00:54:52]} {[%emt 00:06:30]} dxc6
{[%clk 01:32:54]} {[%emt 00:02:06]} 15. Qe2 {[%clk 00:55:17]} {[%emt 00:00:05]}
Nd7 {[%clk 01:32:23]} {[%emt 00:01:02]} 16. Rad1 {[%clk 00:50:56]} {[%emt
00:04:51]} e5 {[%clk 01:28:08]} {[%emt 00:04:45]} 17. Rd3 {[%clk 00:39:46]}
{[%emt 00:11:40]} Nc5 {[%clk 01:26:48]} {[%emt 00:01:50]} 18. Rxd8+ {[%clk
00:40:09]} {[%emt 00:00:07]} Rxd8 {[%clk 01:27:16]} {[%emt 00:00:03]} 19. Rd1
{[%clk 00:40:32]} {[%emt 00:00:07]} Rxd1 {[%clk 01:21:24]} {[%emt 00:06:22]} 20.
Qxd1 {[%clk 00:39:07]} {[%emt 00:01:55]} Qc7 {[%clk 01:20:36]} {[%emt
00:01:18]} 21. Qd2 {[%clk 00:37:59]} {[%emt 00:01:37]} Ne6 {[%clk 01:20:02]}
{[%emt 00:01:05]} 22. Nd1 {[%clk 00:34:27]} {[%emt 00:04:01]} Bf8 {[%clk
01:16:48]} {[%emt 00:03:45]} 23. Nf2 {[%clk 00:34:51]} {[%emt 00:00:06]} f6
{[%clk 01:15:00]} {[%emt 00:02:19]} 24. b4 {[%clk 00:30:35]} {[%emt 00:04:45]}
a5 {[%clk 01:12:33]} {[%emt 00:02:56]} 25. bxa5 {[%clk 00:26:21]} {[%emt
00:04:45]} bxa5 {[%clk 01:12:57]} {[%emt 00:00:06]} 26. Bc3 {[%clk 00:26:46]}
{[%emt 00:00:05]} a4 {[%clk 01:12:17]} {[%emt 00:01:10]} 27. Bb4 {[%clk
00:24:44]} {[%emt 00:02:31]} Qd8 {[%clk 00:52:01]} {[%emt 00:20:46]} 28. Qxd8
{[%clk 00:24:50]} {[%emt 00:00:25]} Nxd8 {[%clk 00:52:30]} {[%emt 00:00:01]} 29.
Nd3 {[%clk 00:25:10]} {[%emt 00:00:10]} Ne6 {[%clk 00:51:09]} {[%emt 00:01:51]}
30. Kf2 {[%clk 00:23:21]} {[%emt 00:02:19]} h5 {[%clk 00:47:18]} {[%emt
00:04:21]} 31. h4 {[%clk 00:19:50]} {[%emt 00:04:01]} Kf7 {[%clk 00:40:43]}
{[%emt 00:07:06]} 32. Bxf8 {[%clk 00:16:46]} {[%emt 00:03:34]} Kxf8 {[%clk
00:41:11]} {[%emt 00:00:02]} 33. Ke3 {[%clk 00:16:54]} {[%emt 00:00:22]} Ke7
{[%clk 00:40:39]} {[%emt 00:01:02]} 34. c5 {[%clk 00:16:53]} {[%emt 00:00:31]}
Nd4 {[%clk 00:34:49]} {[%emt 00:06:20]} 1/2-1/2

[Event "FIDE World Cup 2025"]
[Site "Goa, India"]
[Date "2025.11.01"]
[Round "1.9"]
[White "Meier, Georg"]
[Black "Neelash, Saha"]
[Result "1-0"]
[TimeControl ": 90 minutes for the first 40 moves, followed by 30 minutes for the rest of the gamewith an increment of 30 seconds per move starting from move 1"]
[WhiteFideId "4675789"]
[BlackFideId "5094160"]
[WhiteElo "2596"]
[BlackElo "2466"]

1. c4 {[%clk 01:30:38]} {[%emt 00:00:05]} e5 {[%clk 01:29:16]} {[%emt
00:02:00]} 2. Nc3 {[%clk 01:30:58]} {[%emt 00:00:09]} Nf6 {[%clk 01:28:03]}
{[%emt 00:01:43]} 3. Nf3 {[%clk 01:31:06]} {[%emt 00:00:22]} Nc6 {[%clk
01:26:20]} {[%emt 00:02:14]} 4. g3 {[%clk 01:31:04]} {[%emt 00:00:30]} d5
{[%clk 01:18:21]} {[%emt 00:08:29]} 5. cxd5 {[%clk 01:31:27]} {[%emt 00:00:08]}
Nxd5 {[%clk 01:18:47]} {[%emt 00:00:04]} 6. Bg2 {[%clk 01:31:10]} {[%emt
00:00:46]} Be6 {[%clk 01:18:03]} {[%emt 00:01:14]} 7. O-O {[%clk 01:23:56]}
{[%emt 00:07:44]} Be7 {[%clk 01:17:37]} {[%emt 00:00:56]} 8. d3 {[%clk
01:21:54]} {[%emt 00:02:32]} O-O {[%clk 01:17:59]} {[%emt 00:00:07]} 9. Bd2
{[%clk 01:11:29]} {[%emt 00:10:55]} h6 {[%clk 01:17:12]} {[%emt 00:01:17]} 10.
Rc1 {[%clk 01:11:16]} {[%emt 00:00:42]} Re8 {[%clk 00:51:42]} {[%emt 00:26:00]}
11. a3 {[%clk 01:07:32]} {[%emt 00:04:14]} Qd7 {[%clk 00:36:24]} {[%emt
00:15:48]} 12. b4 {[%clk 01:05:29]} {[%emt 00:02:33]} a6 {[%clk 00:36:48]}
{[%emt 00:00:07]} 13. Re1 {[%clk 00:37:40]} {[%emt 00:28:18]} Nf6 {[%clk
00:34:11]} {[%emt 00:03:08]} 14. Qc2 {[%clk 00:36:17]} {[%emt 00:01:51]} Bh3
{[%clk 00:22:34]} {[%emt 00:12:07]} 15. Ne4 {[%clk 00:34:41]} {[%emt 00:02:05]}
Nxe4 {[%clk 00:21:21]} {[%emt 00:01:43]} 16. Bxh3 {[%clk 00:32:04]} {[%emt
00:03:07]} Qxh3 {[%clk 00:21:37]} {[%emt 00:00:15]} 17. dxe4 {[%clk 00:32:31]}
{[%emt 00:00:03]} Bd6 {[%clk 00:18:58]} {[%emt 00:03:09]} 18. Be3 {[%clk
00:30:47]} {[%emt 00:02:13]} Re6 {[%clk 00:16:40]} {[%emt 00:02:48]} 19. Red1
{[%clk 00:29:03]} {[%emt 00:02:14]} Rae8 {[%clk 00:15:05]} {[%emt 00:02:06]} 20.
Nh4 {[%clk 00:18:23]} {[%emt 00:11:10]} g6 {[%clk 00:13:28]} {[%emt 00:02:07]}
21. Nf3 {[%clk 00:18:32]} {[%emt 00:00:21]} Bf8 {[%clk 00:10:42]} {[%emt
00:03:17]} 22. Qb3 {[%clk 00:15:01]} {[%emt 00:04:01]} Rd6 {[%clk 00:10:26]}
{[%emt 00:00:46]} 23. Rd3 {[%clk 00:10:34]} {[%emt 00:04:56]} Rxd3 {[%clk
00:07:59]} {[%emt 00:02:57]} 24. exd3 {[%clk 00:11:01]} {[%emt 00:00:03]} Qe6
{[%clk 00:08:16]} {[%emt 00:00:13]} 25. Qxe6 {[%clk 00:08:45]} {[%emt
00:02:47]} Rxe6 {[%clk 00:08:33]} {[%emt 00:00:13]} 26. Kf1 {[%clk 00:08:59]}
{[%emt 00:00:16]} Rd6 {[%clk 00:07:29]} {[%emt 00:01:35]} 27. Ke2 {[%clk
00:09:22]} {[%emt 00:00:06]} Rd7 {[%clk 00:07:48]} {[%emt 00:00:11]} 28. g4
{[%clk 00:08:08]} {[%emt 00:01:44]} Bg7 {[%clk 00:07:20]} {[%emt 00:00:58]} 29.
h4 {[%clk 00:07:05]} {[%emt 00:01:33]} Nd8 {[%clk 00:03:29]} {[%emt 00:04:22]}
30. a4 {[%clk 00:05:11]} {[%emt 00:02:24]} c6 {[%clk 00:03:15]} {[%emt
00:00:45]} 31. b5 {[%clk 00:05:17]} {[%emt 00:00:24]} axb5 {[%clk 00:03:04]}
{[%emt 00:00:41]} 32. axb5 {[%clk 00:05:45]} {[%emt 00:00:02]} cxb5 {[%clk
00:03:28]} {[%emt 00:00:06]} 33. Rb1 {[%clk 00:03:39]} {[%emt 00:02:35]} Nc6
{[%clk 00:02:34]} {[%emt 00:01:24]} 34. Rxb5 {[%clk 00:04:03]} Kh7 {[%clk
00:02:53]} {[%emt 00:00:18]} 35. h5 {[%clk 00:04:04]} {[%emt 00:00:28]} Bf6
{[%clk 00:02:40]} {[%emt 00:00:43]} 36. Nd2 {[%clk 00:03:23]} {[%emt 00:01:12]}
Kg7 {[%clk 00:02:09]} {[%emt 00:01:01]} 37. Nc4 {[%clk 00:02:48]} {[%emt
00:01:05]} gxh5 {[%clk 00:00:40]} {[%emt 00:01:59]} 38. gxh5 {[%clk 00:03:11]}
{[%emt 00:00:07]} Bg5 {[%clk 00:00:35]} {[%emt 00:00:35]} 39. Nxe5 {[%clk
00:03:04]} {[%emt 00:00:37]} Nxe5 {[%emt 00:00:34]} 40. Rxe5 {[%clk 00:03:18]}
{[%emt 00:00:13]} Bxe3 {[%clk 00:00:32]} {[%emt 00:00:33]} 41. Kxe3 {[%clk
00:03:22]} {[%emt 00:00:26]} b6 {[%clk 00:25:58]} {[%emt 00:05:04]} 42. Rb5
{[%clk 00:31:51]} {[%emt 00:02:00]} Rb7 {[%clk 00:26:24]} {[%emt 00:00:05]} 43.
d4 {[%clk 00:31:27]} {[%emt 00:00:54]} Kf6 {[%clk 00:26:29]} {[%emt 00:00:26]}
44. f4 {[%clk 00:31:23]} {[%emt 00:00:33]} Ke6 {[%clk 00:26:55]} {[%emt
00:00:04]} 45. d5+ {[%clk 00:31:26]} {[%emt 00:00:27]} Kd6 {[%clk 00:27:21]}
{[%emt 00:00:04]} 46. Kd4 {[%clk 00:31:09]} {[%emt 00:00:47]} f6 {[%clk
00:27:42]} {[%emt 00:00:09]} 47. Rb4 {[%clk 00:30:29]} {[%emt 00:01:10]} 1-0